Statistics for 日本全国の駅の乗降客数ランキング

Click here to take the quiz!

General Stats

  • This quiz has been taken 573 times
  • The average score is 86 of 126

Answer Stats

順位都道府県Answer% Correct
1東京都新宿
99%
4大阪府大阪
99%
5神奈川県横浜
98%
2東京都渋谷
97%
8愛知県名古屋
97%
6東京都東京
96%
3東京都池袋
95%
9東京都品川
95%
18京都府京都
93%
23東京都上野
93%
13東京都秋葉原
92%
16埼玉県大宮
91%
40福岡県博多
90%
25神奈川県川崎
90%
85千葉県千葉
89%
51北海道札幌
89%
10東京都新橋
89%
15東京都目黒
88%
11東京都高田馬場
88%
52東京都日暮里
86%
28千葉県船橋
86%
82東京都原宿
86%
20東京都有楽町
86%
17千葉県西船橋
86%
59宮城県仙台
85%
7東京都北千住
85%
19兵庫県三ノ宮
85%
117東京都代々木
85%
80東京都神田
84%
92東京都八王子
84%
14大阪府天王寺
83%
42大阪府新大阪
83%
22東京都浜松町
83%
26東京都田町
83%
45東京都恵比寿
82%
36東京都大崎
82%
12大阪府難波
82%
33東京都五反田
81%
115埼玉県浦和
81%
111兵庫県神戸
81%
112広島県広島
80%
32東京都中野
80%
48千葉県
79%
29神奈川県武蔵小杉
78%
47東京都西日暮里
78%
113東京都赤羽
78%
35東京都蒲田
77%
37東京都大手町
77%
44東京都立川
77%
41東京都吉祥寺
75%
76東京都御茶ノ水
74%
81神奈川県新横浜
74%
67千葉県松戸
73%
27東京都町田
73%
31愛知県金山
72%
83東京都巣鴨
72%
46神奈川県藤沢
72%
34大阪府京橋
72%
109東京都三鷹
71%
65東京都四ツ谷
71%
64東京都錦糸町
70%
77東京都銀座
69%
43東京都飯田橋
69%
94神奈川県大船
68%
120埼玉県川口
68%
78東京都荻窪
67%
38東京都大井町
67%
49大阪府鶴橋
67%
73東京都日本橋(東京)
66%
57福岡県天神
66%
58東京都国分寺
66%
66神奈川県戸塚
66%
21東京都押上
65%
74千葉県津田沼
65%
99東京都水道橋
65%
103埼玉県川越
63%
55埼玉県和光市
63%
24東京都代々木上原
62%
116神奈川県桜木町
61%
93神奈川県橋本
60%
61東京都新木場
60%
90東京都春日
60%
95東京都赤坂見附
59%
84大阪府新今宮
59%
108神奈川県鶴見
59%
56東京都中目黒
58%
110東京都大森
58%
54東京都市ヶ谷
58%
114東京都表参道
55%
118千葉県舞浜
55%
39東京都泉岳寺
54%
75愛知県
54%
62神奈川県登戸
53%
50神奈川県溝の口
53%
86神奈川県菊名
52%
69埼玉県新越谷
52%
100東京都練馬
52%
125千葉県新小岩
50%
70東京都九段下
50%
71神奈川県海老名
50%
72神奈川県日吉
49%
53東京都神保町
49%
68埼玉県朝霞台
48%
121東京都二子玉川
47%
30東京都綾瀬
47%
63東京都小竹向原
47%
88東京都新宿三丁目
47%
106千葉県本八幡
46%
105東京都王子
46%
60大阪府淀屋橋
46%
89東京都六本木
45%
123東京都自由が丘
45%
79神奈川県長津田
45%
87東京都豊洲
44%
119北海道大通
43%
126東京都霞ヶ関
43%
91神奈川県大和
42%
107東京都青山一丁目
42%
102神奈川県中央林間
41%
97大阪府本町
40%
96神奈川県上大岡
40%
124神奈川県本厚木
39%
122東京都武蔵境
38%
104京都府四条
36%
98神奈川県あざみ野
34%
101東京都門前仲町
29%

Score Distribution

Percentile by Number Answered

Percent of People with Each Score

Your Score History

You have not taken this quiz